000 00769cam a2200241 a 4500
001 249
003 BR-CuiBMT
005 20231025000548.0
008 230913s2012 mgb 000 0 por d
020 _a9788577005369
040 _aBR-CuiBMT
_cBR-CuiBMT
080 _22007
_a340.12
090 _a340.12
_bP667d
100 1 _aPires, Luis Manuel Fonseca,
_d1974-
245 1 3 _aUm diálogo sobre a justiça :
_ba justiça arquetípica e a justiça deôntica /
_cLuis Manuel Fonseca Pires, Ricardo Marcondes Martins.
260 _aBelo Horizonte :
_bFórum,
_c2012.
300 _a278 p. ;
_c22 cm
504 _aInclui bibliografia.
650 _aDireito
_xFilosofia
650 _aTeoria geral do direito
700 1 _aMartins, Ricardo Marcondes,
_d1976-
942 _2udc
_cLV
999 _c249
_d249